Martingales et processus de Markov /
Guardado en:
| Autor Principal: | |
|---|---|
| Formato: | Libro |
| Idioma: | French |
| Publicado: |
Paris :
Dunod,
1966.
|
| Series: | Monographies de la Société mathématique de France ;
1 |
| Materias: | |
| Etiquetas: |
Agregar Etiqueta
Sin Etiquetas, Sea el primero en etiquetar este registro!
|
| LEADER | 00986cam a22002415a 4500 | ||
|---|---|---|---|
| 001 | MAT.inmabb005224 | ||
| 008 | 741014r19661963fr#######b####001#0#fre## | ||
| 005 | 20130311180258.0 | ||
| 245 | 1 | 0 | |a Martingales et processus de Markov / |c G. A. Hunt. |
| 260 | |a Paris : |b Dunod, |c 1966. | ||
| 300 | |a 143, [4] p. ; |c 25 cm. | ||
| 490 | 1 | |a Monographies de la Société mathématique de France ; |v 1 | |
| 500 | |a "Cet ouvrage présente le cours professé à la Faculté des sciences d'Orsay ... en 1962-63. Il reproduit, à quelques corrections près, l'édition ronéotypée faite ... en 1963, sous le titre 'Les martingales'". | ||
| 504 | |a Bibliografía: p. [145]. | ||
| 510 | 4 | |a MR, |c 35 #2333 | |
| 100 | 1 | |a Hunt, Gilbert A. | |
| 810 | 2 | |a Société mathématique de France. |t Monographie ; |v 1. | |
| 650 | 0 | |a Martingales (Mathematics) | |
| 650 | 0 | |a Markov processes. | |
| 084 | |a 60.40 (60.60) |2 MR | ||
| 010 | |a 67093293 | ||
| 040 | |a DLC |c OYU |d OCoLC |d DLC | ||
| 859 | |h 60 |i H939 |p A-2710 |b BIB. MATEMATICA | ||
